De mi huerto : poesías - 1930 : homenaje a José Rafael Faría Bermúdez, Pbro. /

Detalles Bibliográficos
Autor principal: Faría Bermúdez, José Rafael (Autor)
Otros Autores: Valderrama Parra, Luisa María (Editor), Torres Chávez, Ivaldo (Editor)
Formato: Electrónico eBook
Lenguaje:español
Publicado: [Pamplona, Colombia] : Sello Editorial Unipamplona, [2025]
Edición:Primera edición.
Colección:Colección Artes (Universidad de Pamplona)
Materias:
Acceso en línea:Digitalia Hispánica

MARC

LEADER 00000nam a2200000 i 4500
001 DIGUPAMP0095
003 NyNyDIG
007 cr |||||||||||
008 260123s2025 ck o 000 p spa d
006 m o d
035 |a (OCoLC)1569883679 
040 |a DGITA  |b eng  |e rda  |e pn  |c DGITA 
020 |a 9786287656666  |q (digital) 
024 7 |a 10.24054/seu.118  |2 doi 
050 1 4 |a PQ8180.16.A6 ebook 
100 1 |a Faría Bermúdez, José Rafael,  |e author. 
245 1 0 |a De mi huerto :  |b poesías - 1930 : homenaje a José Rafael Faría Bermúdez, Pbro. /  |c editores, Luisa María Valderrama Parra, Ivaldo Torres Chávez. 
250 |a Primera edición. 
264 1 |a [Pamplona, Colombia] :  |b Sello Editorial Unipamplona,  |c [2025] 
300 |a 1 online resource. 
336 |a text  |b txt  |2 rdacontent 
337 |a computer  |b c  |2 rdamedia 
338 |a online resource  |b cr  |2 rdacarrier 
347 |a text file  |2 rdaft 
347 |b PDF 
490 1 |a Colección Arte 
588 0 |a Online resource; title from PDF title page (Digitalia, viewed January 23, 2025) 
655 7 |a Poetry.  |2 lcgft 
700 1 |a Valderrama Parra, Luisa María,  |e editor. 
700 1 |a Torres Chávez, Ivaldo,  |e editor. 
791 2 |a Digitalia (Firm),  |e distributor. 
793 0 |g Digitalia eBook Collection:  |a Universidad de Pamplona 
830 0 |a Colección Artes (Universidad de Pamplona) 
856 4 0 |3 Digitalia Hispánica  |u https://www.digitaliapublishing.com/a/183721/ 
910 |a Premium collection: 2026